| 000 | 00841cam a22002414a 4500 | ||
|---|---|---|---|
| 001 | 14686554 | ||
| 005 | 20130529123552.0 | ||
| 008 | 070104s2007 paua bf 001 0 eng | ||
| 020 | _a9781582556642 (alk. paper) | ||
| 020 | _a1582556644 (alk. paper) | ||
| 082 | 0 | 0 |
_a610.73 _222 _bNUR |
| 245 | 0 | 0 |
_aNursing. _pPerfecting clinical procedures. |
| 246 | 3 | _aPerfecting clinical procedures | |
| 260 |
_aPhiladelphia : _bWolters Kluwer Health/Lippincott Williams & Wilkins, _cc2007. |
||
| 300 |
_aiv, 636 p. : _bill. (some col.) ; _c21 cm. |
||
| 490 | 0 | _aNursing | |
| 504 | _aIncludes bibliographical references (p. 624-625) and index. | ||
| 650 | 0 |
_aNursing _vHandbooks, manuals, etc. _933295 |
|
| 650 | 1 | 2 |
_aNursing Care _vHandbooks. _933296 |
| 653 |
_bNUR _cMay2013 |
||
| 710 | 2 |
_aLippincott Williams & Wilkins. _933297 |
|
| 942 |
_2ddc _cNRB |
||
| 999 |
_c17489 _d17461 |
||